| 000 | 00617ntaaa2200205 4500 | ||
|---|---|---|---|
| 003 | 01 | ||
| 005 | 20251027202413.0 | ||
| 008 | 0714s1973 ag 01 | ||
| 040 |
_aAR-BaBN _bspa _cAR-BaBN _eaacr _dRIC |
||
| 082 | _a286.1680 B24b | ||
| 245 | _aThe Barkley West National Awareness Workshop ... an empowered future | ||
| 250 | _a1 ed. | ||
| 260 |
_aJohannesburg : _bBaptist Convention of South Africa, _c1990 |
||
| 300 |
_a84 p ; _c21 cm |
||
| 500 | _aContiene notas bibliograficas | ||
| 650 |
_aAfrica de Sur-bautistas _922828 |
||
| 700 |
_aHoffmeister, Des _922829 |
||
| 700 |
_aGurney, Gurney _922830 |
||
| 942 | _cBK | ||
| 999 |
_c18965 _d18965 |
||